Cuatro épocas (Record no. 170625)

MARC details
000 -LEADER
campo de control de longitud fija 01053nam a2200217 i 4500
001 - NÚMERO DE CONTROL
campo de control 170625
003 - IDENTIFICADOR DE NÚMERO DE CONTROL
campo de control ES-MaACL
005 - FECHA Y HORA DE LA ÚLTIMA TRANSACCIÓN
campo de control 20250824072541.0
008 - DATOS DE LONGITUD FIJA--INFORMACIÓN GENERAL
campo de control de longitud fija 090325s1927 ag |||| | spa d
080 ## - NÚMERO DE LA CLASIFICACIÓN DECIMAL UNIVERSAL
Número de la Clasificación Decimal Universal 821.134.2 (82)-2"18"
100 1# - ENTRADA PRINCIPAL--NOMBRE DE PERSONA
Nombre de persona Mitre, Bartolomé.
9 (RLIN) 81705
245 10 - MENCIÓN DEL TÍTULO
Título Cuatro épocas
Resto del título : drama en cinco actos en prosa y verso /
Mención de responsabilidad, etc. por Bartolomé Mitre ; [noticia de B. Ventura Pessolano].
260 ## - PUBLICACIÓN, DISTRIBUCIÓN, ETC.
Lugar de publicación, distribución, etc. Buenos Aires :
Nombre del editor, distribuidor, etc. [s.n.],
Fecha de publicación, distribución, etc. 1927 (
Fabricante Imp. de la Universidad)
300 ## - DESCRIPCIÓN FÍSICA
Extensión 3 h., p. 130-250 ;
Dimensiones 23 cm.
490 1# - MENCIÓN DE SERIE
Mención de serie Sección de documentos. Primera serie. T. IV: Teatro en verso / Facultad de Filosofía y Letras de la Universidad de Buenos Aires, Instituto de Literatura Argentina ;
Designación de volumen o secuencia 4
700 1# - ENTRADA AGREGADA--NOMBRE PERSONAL
Nombre de persona Ventura Pessolano, B.
9 (RLIN) 152228
710 2# - ENTRADA AGREGADA--NOMBRE DE ENTIDAD CORPORATIVA
Nombre de entidad corporativa o nombre de jurisdicción como elemento de entrada Universidad de Buenos Aires.
Unidad subordinada Instituto de Literatura Argentina.
9 (RLIN) 139614
830 00 - PUNTO DE ACCESO ADICIONAL DE SERIE-TÍTULO UNIFORME
Título uniforme Sección de documentos.
Nombre de parte o sección de la obra Primera serie.
-- Teatro en verso (Instituto de Literatura Argentina)
Designación de volumen o secuencia 4
9 (RLIN) 188931
852 ## - LOCALIZACIÓN
Ubicación C-6630(5)
Nota libre - Enc. en un vol. facticio
Holdings
Estatus retirado Estado de pérdida Estado de daño No para préstamo Biblioteca de origen Biblioteca actual Ubicación en estantería Fecha de adquisición Total de préstamos Signatura topográfica completa Código de barras Visto por última vez Precio de reemplazo Tipo de ítem Koha
        Biblioteca del Ateneo de Madrid Biblioteca del Ateneo de Madrid Sala Palomar 25/03/2009   C-6630(5) 1179061 23/02/2023 23/02/2023 Libro impreso